=LDR 00000nam 2200000 4500 =001 INLIS000000000023204 =005 20130612121901 =008 ***********************************ind** =035 ##$$0010-061300000023204 =041 ##$$a ind =082 ##$$a F.Rom.K =090 ##$$a F.Rom.K, IGA c =100 ##$$a Igarasi, Yomiko =245 ##$$a Candy Candy, Yomiko Igarasi, Kyoko Mizuki =260 ##$$a 1991 $b Jakarta =300 ##$$a 106 hlm., 17 cm =650 ##$$a Fiksi Anak =850 ##$$a NBPNMAT